Oxford handbook of clinical Skills in adult nursing/ (Record no. 13548)
[ view plain ]
| 000 -LEADER | |
|---|---|
| fixed length control field | 01096nam a22002777a 4500 |
| 005 - DATE AND TIME OF LATEST TRANSACTION | |
| control field | 20141102123958.0 |
| 008 - FIXED-LENGTH DATA ELEMENTS--GENERAL INFORMATION | |
| fixed length control field | 100301s2009 xxka frf f001 0 eng d |
| 020 ## - INTERNATIONAL STANDARD BOOK NUMBER | |
| International Standard Book Number | 9780199211043 |
| 040 ## - CATALOGING SOURCE | |
| Original cataloging agency | EG-ScBUE |
| 082 00 - DEWEY DECIMAL CLASSIFICATION NUMBER | |
| Edition number | 22 |
| Classification number | 610.73 |
| Item number | OXF |
| 245 ## - TITLE STATEMENT | |
| Title | Oxford handbook of clinical Skills in adult nursing/ |
| Statement of responsibility, etc | [Edited by] Jacqueline Randle, Frank Coffey and Martyn Bradbury |
| 260 ## - PUBLICATION, DISTRIBUTION, ETC. (IMPRINT) | |
| Place of publication, distribution, etc | Oxford, United Kingdom ; |
| -- | New York, United States : |
| Name of publisher, distributor, etc | Oxford University Press, |
| Date of publication, distribution, etc | 2009 |
| Place of manufacture | ([Beijing] : |
| Manufacturer | Acid-Free Paper) |
| 300 ## - PHYSICAL DESCRIPTION | |
| Extent | xiv, 679 p. : |
| Other physical details | ill. ; |
| Dimensions | 19 cm. |
| 490 1# - Series Statement | |
| Series statement | Oxford Medical Publications |
| 500 ## - GENERAL NOTE | |
| General note | Index : p. 673-679. |
| 650 #0 - SUBJECT ADDED ENTRY--TOPICAL TERM | |
| 9 (RLIN) | 12117 |
| Topical term or geographic name as entry element | Nursing |
| Form subdivision | Handbooks, manuals, etc. |
| 650 #0 - SUBJECT ADDED ENTRY--TOPICAL TERM | |
| 9 (RLIN) | 12071 |
| Topical term or geographic name as entry element | Clinical medicine |
| Form subdivision | Handbooks, manuals, etc. |
| 650 #0 - SUBJECT ADDED ENTRY--TOPICAL TERM | |
| 9 (RLIN) | 12072 |
| Topical term or geographic name as entry element | Nursing Care |
| Form subdivision | Handbooks |
| 653 ## - INDEX TERM--UNCONTROLLED | |
| Resource For college | Nursing |
| Arrived date list | November2014 |
| 655 ## - INDEX TERM--GENRE/FORM | |
| Form subdivision | |
| -- | 34232 |
| 700 1# - ADDED ENTRY--PERSONAL NAME | |
| 9 (RLIN) | 12073 |
| Personal name | Randle, Jacqueline |
| Relator term | editor. |
| 700 1# - ADDED ENTRY--PERSONAL NAME | |
| 9 (RLIN) | 12074 |
| Personal name | Coffey, Frank |
| Relator term | editor. |
| 700 1# - ADDED ENTRY--PERSONAL NAME | |
| 9 (RLIN) | 12075 |
| Personal name | Bradbury, Martyn |
| Relator term | editor. |
| 830 #0 - SERIES ADDED ENTRY--UNIFORM TITLE | |
| Uniform title | Oxford medical publications |
| 9 (RLIN) | 21270 |
| 942 ## - ADDED ENTRY ELEMENTS (KOHA) | |
| Source of classification or shelving scheme | Dewey Decimal Classification |
| Item type | |
| Call number prefix | 610.73 OXF |
| Withdrawn status | Item status | Source of classification or shelving scheme | Damaged status | Not for loan | Vendor | Home library | Current library | Shelving location | Date acquired | Source of acquisition | Cost, normal purchase price | Serial Enumeration / chronology | Total Checkouts | Total Renewals | Full call number | Barcode | Date last seen | Date last borrowed | Koha item type | Cost, replacement price |
|---|---|---|---|---|---|---|---|---|---|---|---|---|---|---|---|---|---|---|---|---|
| Dewey Decimal Classification | Academic Bookshop | Central Library | Central Library | First floor | 01/03/2010 | 222.45 | 3698 | 8 | 2 | 610.73 CLI | 000020030 | 15/07/2025 | 20/03/2012 | NB - Book (Non borrowing) | ||||||
| Dewey Decimal Classification | Baccah | Central Library | Central Library | First floor | 03/05/2011 | 169.00 | 12149 | 9 | 13 | 610.73 CLI | 000023509 | 15/07/2025 | 03/04/2018 | Book - Borrowing | ||||||
| Dewey Decimal Classification | AUC | Central Library | Central Library | Ground Floor | 02/11/2014 | 158.00 | 20526 | 610.73 OXF | 000036893 | 15/07/2025 | Reference (NB) | 197.50 |